Normal view MARC view
  • Arquitectura renacentista

Entry Materia

Number of records used in: 1

001 - NÚMERO DE CONTROL DEL REGISTRO

  • campo de control: 2437

003 - IDENTIFICADOR DE NUMERO DE CONTROL

  • campo de control: DLC

005 - FECHA Y HORA DE LA ÚLTIMA TRANSACCIÓN

  • campo de control: 20240820123131.0

008 - DATOS DE LONGITUD FIJA

  • campo de control de longitud fija: 240820nn|acannbabn | a|a |d

010 ## - NÚMERO DE CONTROL DE LA BIBLIOTECA DEL CONGRESO (LC)

  • LC control number: sh 85006858

035 ## - NÚMERO DE CONTROL DEL SISTEMA

  • Número de control del sistema: UPN10000002437

035 ## - NÚMERO DE CONTROL DEL SISTEMA

  • Número de control del sistema: (DLC)sh 85006858

040 ## - FUENTE DE LA CATALOGACIÓN

  • Lengua de catalogación: spa
  • Agencia de transcripción: DLC
  • Centro catalogador de origen: DLC
  • Agencia de modificación: MX-MxUPN

053 #4 - NÚMERO CLASIFICADOR - BIBLIOTECA DEL CONGRESO (LC)

  • Elemento numérico de la clasificación - Número único o no. inicial del rango: NA1305

150 ## - ENCABEZAMIENTO - TEMÁTICO

  • Término de materia o nombre geográfico como elemento inicial: Arquitectura renacentista
  • Subdivisión geográfica: España

670 ## - FUENTE EN LA QUE SE LOCALIZARON DATOS

  • Cita de la fuente: LC, 20 agosto 2024 :
  • Información localizada: (Architecture, Renaissance Spain)
  • Identificador Uniforme del Recurso: https://lccn.loc.gov/sh85006858

902 ## - CATALOGADOR

  • Catalogador: MMA/040804
  • Catalogador: MaríaRObles/200824